000 00654nam a2200217Ia 4500
005 20260429112001.0
008 260429s9999||||xx |||||||||||||| ||und||
020 _a9798886130706
041 _aEnglish
082 _a006.31
_bWIC
100 _aWichert, Andreas
245 0 _aMachine learning - a journey to deep learning :
_bwith exercises and answers /
_cAndreas Wichert
260 _aSingapore :
_bWorld Scientific Publishing,
_c2024.
300 _axvi, 624 p.; pbk
650 _a Artificial intelligence
650 _a Deep learning
650 _a Machine learning
650 _aComputer science
700 _a Sa-Couto, Luis
942 _cTB
999 _c51743
_d51743